Oftalmo magazín

Podrobná bibliografia
Ďalší autori: Juriková, Soňa (Šéfredaktor, zodpovedný redaktor)
Médium: Časopis
Jazyk:slovenčina
Fyzický popis:1 zv. 30 cm
Vydavateľské údaje: Bratislava MedMedia 2009-2009
ISSN:1338-0931
Predmet:

MARC

LEADER 00000cas a2200000 a 4500
001 vtls010039240
003 SK-MaSNL
005 20260228163838.0
008 100114d20092009xo qr|p 0 b0slo
022 |a 1338-0931 
040 |a SVKBB  |b slo  |c SVKBB  |d SAVUK  |d SNK  |e AACR2 
041 0 |a slo 
044 |a xo  |c SK 
072 7 |a 617  |x Ortopédia. Chirurgia. Oftalmológia  |2 konspekt 
072 7 |a 159.93/.94  |x Senzorické a motorické funkcie. Emócie. Vôľa  |2 konspekt 
072 7 |a 612  |x Fyziológia človeka a porovnávacia fyziológia  |2 konspekt 
080 |a 617.7  |2 2011 
080 |a 050  |2 2011 
080 |a 159.931  |2 2011 
080 |a 612.84  |2 2001 
080 |a (051.067)  |2 2001 
210 0 |a Oftalmo mag. 
222 0 |a Oftalmo magazín 
245 0 0 |a Oftalmo magazín 
246 1 3 |a Oftalmomagazín 
260 |a Bratislava  |b MedMedia  |c 2009-2009 
300 |a 1 zv.  |c 30 cm 
310 |a 4x ročne 
362 0 |a Roč. 1, č. 1 (2009) 
500 |a Vyšlo iba č. 1/2009 
500 |a Evidenčné č.: EV 3927/09 
500 |a Šéfredaktorka: Soňa Juriková 
650 0 7 |a oftalmológia  |2 SNKPH  |9 910 
650 0 7 |a zrak  |2 SNKPH  |9 2544 
655 7 |a špecializované časopisy  |2 SNKPH  |9 70509 
700 1 |a Juriková, Soňa  |4 pbd  |9 274801 
852 |a Štátna vedecká knižnica v Banskej Bystrici 
910 |a savuk 
910 |a snk 
999 |c 11045  |d 12975 
952 |0 0  |1 0  |4 0  |7 0  |8 0  |a SNK  |b SNK  |d 2018-11-21  |i snk2018/24834  |l 0  |o snkČSB 6891/1/2009  |p 17A1341147  |r 2026-02-21 22:05:57  |t č. 1  |w 2026-02-21  |y PREZ 
952 |0 0  |1 0  |4 0  |7 0  |8 0  |a SNK  |b SNK  |d 2018-11-21  |i snk2018/24835  |l 0  |o snkČSB 6891/1/2009 D1  |p 17A1341146  |r 2026-02-21 22:05:57  |t č. 1  |w 2026-02-21  |y PREZ